Agroforestry : (Record no. 1223)

MARC details
000 -LEADER
fixed length control field 00853nam a22002417a 4500
001 - CONTROL NUMBER
control field 4313638
003 - CONTROL NUMBER IDENTIFIER
control field OSt
005 - DATE AND TIME OF LATEST TRANSACTION
control field 20240515081148.0
008 - FIXED-LENGTH DATA ELEMENTS--GENERAL INFORMATION
fixed length control field 240515b |||||||| |||| 00| 0 eng d
010 ## - LIBRARY OF CONGRESS CONTROL NUMBER
LC control number 87020373
020 ## - INTERNATIONAL STANDARD BOOK NUMBER
International Standard Book Number 9024735904
020 ## - INTERNATIONAL STANDARD BOOK NUMBER
International Standard Book Number 9024735912 (pbk.)
040 ## - CATALOGING SOURCE
Original cataloging agency KMU
Transcribing agency KMU
Modifying agency KMU
Language of cataloging eng
Description conventions RDA
050 00 - LIBRARY OF CONGRESS CALL NUMBER
Classification number S494.5.A45
245 00 - TITLE STATEMENT
Title Agroforestry :
Remainder of title realities, possibilities, and potentials /
Statement of responsibility, etc. edited by Henry L. Gholz.
260 ## - PUBLICATION, DISTRIBUTION, ETC.
Place of publication, distribution, etc. Dordrecht ;
-- Boston :
Name of publisher, distributor, etc. M. Nijhoff in cooperation with ICRAF ;
Place of publication, distribution, etc. Hingham, MA, USA :
Name of publisher, distributor, etc. distributors for the U.S. and Canada, Kluwer Academic Publishers,
Date of publication, distribution, etc. 1987.
300 ## - PHYSICAL DESCRIPTION
Extent 227 p. :
Other physical details ill. ;
Dimensions 25 cm.
504 ## - BIBLIOGRAPHY, ETC. NOTE
Bibliography, etc. note Includes bibliographies and indexes.
650 #0 - SUBJECT ADDED ENTRY--TOPICAL TERM
Topical term or geographic name entry element Agroforestry.
700 1# - ADDED ENTRY--PERSONAL NAME
Personal name Gholz, Henry L.
710 2# - ADDED ENTRY--CORPORATE NAME
Corporate name or jurisdiction name as entry element International Council for Research in Agroforestry.
942 ## - ADDED ENTRY ELEMENTS (KOHA)
Source of classification or shelving scheme Library of Congress Classification
Koha item type Non-Fiction
Suppress in OPAC No
Holdings
Withdrawn status Lost status Source of classification or shelving scheme Damaged status Not for loan Collection Home library Current library Shelving location Date acquired Source of acquisition Total Checkouts Full call number Barcode Date last seen Price effective from Koha item type
    Library of Congress Classification     Non-fiction Kapasa Makasa University Kapasa Makasa University Open Access 15.05.2024 CBU   S 494.5.A45 Agr 741597 15.05.2024 15.05.2024 Non-Fiction